| 000 | 00733nam a2200193Ii 4500 | ||
|---|---|---|---|
| 003 | JO-AjNU | ||
| 008 | 230605s9999||||xx |||||||||||||| ||und|| | ||
| 040 |
_aJO-AjNU _bara _erda _cJO-AjNU |
||
| 041 | _aara | ||
| 050 | 1 | 4 | _aGV511.Q2612 1984 |
| 100 | 3 |
_aترجمة التكريتي، وديع ياسين, _eauthor _937428 |
|
| 245 | 0 | 0 | _aالاتحاد الدولي لرفع الاثقال: القانون الدولي والقواعد الفنية |
| 264 | 3 | 1 | _aالموصل: د.ن، 1984 |
| 300 |
_a111ص _bصور توضبحية |
||
| 336 |
_atext _btxt _2rdacontent |
||
| 337 |
_aunmediated _bn _2rdamedia |
||
| 338 |
_avolume _bnc _2rdacarrier |
||
| 650 | 4 |
_aرفع الاثقال -رياضة- القانون الدولي _937429 |
|
| 999 |
_aA15637 _c19205 _d19205 |
||